Memorias do Evandro Chagas (Registro nro. 1718)

Detalles MARC
000 -LEADER
fixed length control field 00707nam a2200253 a 4500
003 - CONTROL NUMBER IDENTIFIER
control field OSt
005 - FECHA ULTIMA MODIFICACION
control field 20131002145718.0
008 - FIXED-LENGTH DATA ELEMENTS--GENERAL INFORMATION
fixed length control field 131002s2002 bz ||||| |||| 00| 0 por d
020 ## - INTERNATIONAL STANDARD BOOK NUMBER
International Standard Book Number 85-86784-07-9
040 ## - CATALOGING SOURCE
Transcribing agency Biblioteca Medicina
041 ## - LANGUAGE CODE
Language code of text/sound track or separate title por
082 ## - DEWEY DECIMAL CLASSIFICATION NUMBER
Item number VARIOS 0356
100 ## - MAIN ENTRY--PERSONAL NAME
Personal name Instituto Evandro Chagas
9 (RLIN) 2641
245 00 - TITLE STATEMENT
Title Memorias do Evandro Chagas
250 ## - EDITION STATEMENT
Edition statement 1º ed.
260 ## - PUBLICATION, DISTRIBUTION, ETC. (IMPRINT)
Place of publication, distribution, etc Belem
Name of publisher, distributor, etc Instituto Evandro Chagas
Date of publication, distribution, etc 2002
300 ## - PHYSICAL DESCRIPTION
Extent 377 p.
653 ## - INDEX TERM--UNCONTROLLED
Uncontrolled term ARBOVIRUS
653 ## - INDEX TERM--UNCONTROLLED
Uncontrolled term BACTERIOLOGIA
653 ## - INDEX TERM--UNCONTROLLED
Uncontrolled term PARASITOLOGIA
856 ## - ELECTRONIC LOCATION AND ACCESS
Host name www.iec.pa.gov.br
942 ## - ADDED ENTRY ELEMENTS (KOHA)
Source of classification or shelving scheme Dewey Decimal Classification
Koha item type Hemeroteca
Existencias
Withdrawn status Lost status Fuente de clasificación Damaged status Not for loan Colección Ubicación permanente Ubicación actual Sala de ubicación Fecha de adquisición Total Checkouts Número de clasificación Date last seen Número de ejemplar Price effective from Koha tipo de elemento (item)
    Dewey Decimal Classification     Non-fiction Biblioteca Medicina Biblioteca Medicina Circulación 02/10/2013   VARIOS 0356 06/11/2014 Ej. 1 02/10/2013 Hemeroteca

UNIVERSIDAD NACIONAL DEL COMAHUE
Biblioteca de la Facultad de Ciencias Médicas
Sede Toschi: Los Arrayanes y Av. Toschi, Cipolletti  - Rio Negro
Sede Los Tordos:  Yrigoyen al 2211, Cipolletti - Rio Negro 

Teléfono: 0299 - 4774707 int 25
Contacto: biblioteca@facimed.uncoma.edu.ar
© 2011 - 2026